Statistics for Vehicle Insurance Terminology SPA-ENG

Click here to take the quiz!

General Stats

  • This quiz has been taken 3 times
  • The average score is 2 of 43

Answer Stats

HintAnswer% Correct
reclamoclaim
100%
deducibledeductible
50%
año, marca y modeloYear, Make and Model
50%
tasadorappraiser
0%
culpableat fault
0%
nivel de alcoholblood alcohol level
0%
descomponerbreak down
0%
chocarbump into
0%
asiento para niñoscar seat
0%
cobrar un chequecash a check
0%
titulo libreclear title
0%
garantíacollateral
0%
valor actual en el mercadocurrent market value
0%
página de especificacionesdeclarations page
0%
abolladuradent
0%
centro de inspeccionesdrive-in facility
0%
manejar bajo los efectosdriving under the influence
0%
presupuestoestimate
0%
interponer un reclamofile a claim
0%
multafine
0%
lesionesinjuries
0%
prima de seguroinsurance premium
0%
responsabilidadliability
0%
discapacidad a largo plazolong-term disability
0%
daños y perjuiciospain and suffering
0%
reporte policialpolice report
0%
hacerse a un ladopull over
0%
declaración grabadarecorded statement
0%
reembolsoreimbursement
0%
carro de alquilerrental car
0%
titulo de valor residualsalvage title
0%
lugar de los hechosscene of the accident
0%
valor residualscrap value
0%
rayascratch
0%
liquidar un reclamosettle a claim
0%
poner en neutroshift into neutral
0%
desacelerarslow down
0%
acelerarspeed up
0%
subrogaciónsubrogation
0%
daños materiales a tercerosthird party property damage
0%
perdida totaltotal loss
0%
depósito de carrostow yard
0%
número de identificación vehicularVehicle Identification Number
0%

Score Distribution

Percentile by Number Answered

Percent of People with Each Score

Your Score History

You have not taken this quiz